000 00525nam a22001817a 4500
005 20251108164357.0
008 250721s9999 xx 000 0 ara d
082 1 4 _a811.02/محم
100 1 _aمحمد، سراج الدين
245 1 0 _aالفخر في الشعر العربي /
264 1 _aبيروت :
_bدار الراتب الجامعية،
_c[19-].
300 _a79 ص
650 1 7 _aالشعر العربي
650 1 7 _aشعر الفخر
650 1 7 _aالمبدعون
942 _2ddc
_cBK
999 _c10670
_d10670